000 00664nam a2200217 4500
999 _c8881
_d8881
001 8881
003 BD-JhCC
005 20181002174257.0
008 180305b1965 bg ||||| |||| 00| 0 ben d
035 _a(BD-JhCC)8881
040 _aBD-JhCC
_dBD-JhCC
041 _aben
082 _a923
_bKHA 1965
100 _aখান, গোলাম রব্বানী
245 _aপ্যাট্রিক হেনরী /
_cগোলাম রব্বানী খান
260 _aঢাকাঃ
_bষ্টুডেন্ট ওয়েজ বইঘর
_c1965.
300 _a279 p. :
_c18 cm.
650 _aBiography
942 _2ddc
_cBK